000
00266nam a22001097a 4500
082
_a
0333 WAS
100
_a
PDF
_9
56879
245
_a
COMPUTER ARCHITECTURE PIPELINED AND PARRALLEL PROCESSOR DESING
260
_a
RAWALPINDI
_b
PDF
_c
2007
300
_a
PDF
942
_c
BK
999
_c
575434
_d
575434